| Tag |
First Indicator |
Second Indicator |
Subfields |
| LEADER |
00000cam a2200000 4500 |
| 001 |
in00000059664 |
| 005 |
20151008050513.0 |
| 008 |
721019s1938 nyu b 001 0 eng u |
| 010 |
|
|
|a 38009415
|
| 035 |
|
|
|a (OCoLC)00466684
|
| 035 |
|
|
|9 AAG1443AM
|
| 040 |
|
|
|c WSU
|d TXA
|d UtOrBLW
|
| 049 |
|
|
|a TXAM
|c [124454]
|
| 050 |
|
0 |
|a E806
|b .S45
|
| 090 |
|
|
|a E806
|b .S45 1938
|
| 092 |
|
|
|a 323.40973
|b S464y
|
| 100 |
1 |
|
|a Seldes, George,
|d 1890-1995.
|
| 245 |
1 |
0 |
|a You can't do that ;
|b a survey of the forces attempting, in the name of patriotism, to make a desert of the Bill of rights /
|c by George Seldes.
|
| 264 |
|
1 |
|a New York :
|b Modern age books,
|c [1938]
|
| 264 |
|
4 |
|c [©1938]
|
| 300 |
|
|
|a xii, 307 pages ;
|c 20 cm.
|
| 336 |
|
|
|a text
|b txt
|2 rdacontent
|
| 337 |
|
|
|a unmediated
|b n
|2 rdamedia
|
| 338 |
|
|
|a volume
|b nc
|2 rdacarrier
|
| 504 |
|
|
|a "Selected bibliography on civil liberties in the United States, compiled by Clarice A. Rosenthal, M. Meeker, M. Ottenberg, and others for the American civil liberties union, complete to July, 1937": pages 255-301.
|
| 500 |
|
|
|a Includes index.
|
| 650 |
|
0 |
|a Liberty.
|
| 650 |
|
0 |
|a Fascism
|z United States.
|
| 651 |
|
0 |
|a United States
|x Politics and government
|y 1933-1945.
|
| 651 |
|
0 |
|a United States
|x Economic policy.
|
| 651 |
|
0 |
|a United States
|x Social conditions.
|
| 651 |
|
0 |
|a United States
|x Politics and government
|y 1933-1953.
|
| 700 |
1 |
|
|a Rosenthal, Clarice A.
|
| 999 |
|
|
|a MARS
|
| 999 |
f |
f |
|s 1826161d-5bea-35ad-ab06-a2f8151bf27c
|i b2a7b99b-0896-3cd3-8d1d-def201f18524
|t 0
|
| 952 |
f |
f |
|p ric
|a Texas A&M University
|b Rellis Campus
|c Joint Library Facility
|d Remote Storage
|t 0
|e E806 .S45 1938
|h Library of Congress classification
|i unmediated -- volume
|m A14800666447
|
| 998 |
f |
f |
|a E806 .S45 1938
|t 0
|l Remote Storage
|